000 01192nam0a22002651 4500
001 rc\4880332
005 20260407083732.0
021 _aRU
_b[65-3202]
035 _a(NLR Aleph) 008916060
090 _a8794299
_c8794299
100 _a20130426d1964 |||y0rusy50 ca
101 0 _arus
102 _aRU
105 _ay z |||||
200 1 _aНекоторые методологические вопросы общественных и естественных наук
_e(Тезисы докладов гор. науч.-теорет. конференции)
_fФрунз. ГК КП Киргизии. Кирг. гос. ун-т
210 _aФрунзе
_cБ. и.
_d1964
215 _a43 с.
_d21
606 _aЕстествознание
_xМетодология
_jТезисы докладов
_2psbo
606 _aОбщественные науки
_xМетодология
_jТезисы докладов
_2psbo
712 0 2 _aКиргизский государственный университет им. 50-летия СССР
_cФрунзе
_3RU\NLR\AUTH\8810946
_9294532
801 0 _aRU
_bNLR
_gpsbo
801 1 _aRU
_bELAR
_2rusmarc
852 _aNLR
_j65-4/1665
942 _cBOOK
980 _aNB